00532nam a22002177a 450000500170000001000110001702000100002803500110003803700160004904000120006508200160007710000200009324500530011325000150016626000380018127000130021930000200023250000200025265000210027265000210029320170124105956.0 a499641 c00.00 a499641 bCen Lib/Ret aDPLbEN a330.15bHAN aHaney, Lewis H. aHistory of economic thought /cby Lewis H. Haney a4th enl ed aNew YorkbMacmillan Companyc1967 bNew York a996p.c20cm(Hb) aIncludes index  aEconomic thought aEconomic history